Olsen Twins Movies Quiz Stats

 Plays Quiz Updated Oct 11, 2019

Score 0/14 Timer 04:00
0 Plays Today
Year Movie % Correct
2004New York Minute
73.7%
1995It Takes Two
68.3%
1998Billboard Dad
59.1%
1999Passport To Paris
58.7%
2000Our Lips Are Sealed
50.1%
1992To Grandmother's House We Go
48.1%
2001Holiday in the Sun
47.8%
Year Movie % Correct
2001Winning London
47.5%
2002When in Rome
46.9%
1999Switching Goals
40.8%
1993Double, Double, Toil and Trouble
38%
2003The Challenge
34.8%
2002Getting There
32.4%
1994How The West Was Fun
31.2%

You're not logged in!

Compare scores with friends on all Sporcle quizzes.
OR
Log In

Sporcle TV

Today on Sporcle TV


Watch our educational content, quiz creation guides, and fun videos on Sporcle TV.

Show Comments

Extras

Top Quizzes Today


Score Distribution

Your Account Isn't Verified!

In order to create a playlist on Sporcle, you need to verify the email address you used during registration. Go to your Sporcle Settings to finish the process.

Report this User

Report this user for behavior that violates our Community Guidelines.

Details: